Resource use and management

The book examines issues related to people's use of natural and human resources. Resources examinated in some detail include water, rubber, gold, drainage basins and areas in national parks. Human resources focus on manufacturing, urban landscape, nuclear energy, waste disposal, pollution and d...

Volledige beschrijving

Bewaard in:
Bibliografische gegevens
Hoofdauteur: Elida Brereton
Formaat: Boek
Taal:Undetermined
Gepubliceerd in: Cambridge, New York Cambridge Univ 1992
Onderwerpen:
Tags: Voeg label toe
Geen labels, Wees de eerste die dit record labelt!
Thư viện lưu trữ: Trung tâm Học liệu Trường Đại học Cần Thơ
LEADER 00847nam a2200205Ia 4500
001 CTU_27229
008 210402s9999 xx 000 0 und d
020 |b 59.50Dfl 
082 |a 304.2 
082 |b B841 
100 |a Elida Brereton 
245 0 |a Resource use and management 
245 0 |c Elida Brereton 
260 |a Cambridge, New York 
260 |b Cambridge Univ 
260 |c 1992 
520 |a The book examines issues related to people's use of natural and human resources. Resources examinated in some detail include water, rubber, gold, drainage basins and areas in national parks. Human resources focus on manufacturing, urban landscape, nuclear energy, waste disposal, pollution and dam building 
650 |a anthropo-geography,human ecology 
904 |i Minh, 981208 
980 |a Trung tâm Học liệu Trường Đại học Cần Thơ